Monaco 2010's Starting XI - Statistics

General Stats
  • This quiz has been taken 2,154 times
    1,921 since last reset
  • The average score is 22 of 69
Answer Stats
Player % Correct
Radamel Falcao
97%
Danijel Subašić
89%
Kamil Glik
87%
Bernardo Silva
86%
Bernardo Silva
86%
Adrien Silva
81%
Fabinho
76%
Fabinho
76%
Aleksandr Golovin
74%
Djibril Sidibé
70%
Benjamin Mendy
68%
Nampalys Mendy
67%
James Rodríguez
65%
Thomas Lemar
63%
Thomas Lemar
63%
Geoffrey Kondogbia
60%
João Moutinho
60%
Tiemoué Bakayoko
60%
Jemerson
52%
Valère Germain
52%
Valère Germain
52%
Pierre-Emerick Aubameyang
46%
Youri Tielemans
46%
Andrea Raggi
45%
Ricardo Carvalho
44%
Yannick Carrasco
43%
Yannick Carrasco
43%
Diego Benaglio
37%
Gelson Martins
31%
Anthony Martial
30%
Benjamin Henrichs
30%
Rony Lopes
28%
Park Chu-young
26%
Nabil Dirar
24%
Layvin Kurzawa
21%
Jérémy Toulalan
20%
Ibrahima Touré
17%
Keita Baldé
17%
Guido Carrillo
16%
Éric Abidal
15%
Stéphane Ruffier
15%
Emmanuel Rivière
13%
Jorge
12%
Mounir Obbadi
11%
Djimi Traoré
10%
Elderson Echiéjilé
10%
Ludovic Giuly
9%
Nenê
7%
Nicolas Nkoulou
6%
Wallace
6%
Diego Pérez
4%
Gary Kagelmacher
4%
Georgios Tzavellas
4%
Adriano
3%
Andreas Wolf
3%
Benjamin Moukandjo
3%
Cédric Mongongu
3%
Edgar Salli
3%
Petter Hansson
3%
Sébastien Puygrenier
3%
Alejandro Alonso
2%
François Modesto
2%
Gary Coulibaly
2%
Jean-Jacques Gosso
2%
Laurent Bonnart
2%
Lukman Haruna
2%
Thomas Mangani
2%
Dennis Appiah
1%
Éric Marester
1%
No matching quizzes found
Score Distribution
Percent of People with Each Score
Percentile by Number Answered
Your Score History
You have not taken this quiz since the last reset